[Event "Wolrd Chess Olympiad 2018"]
[Site "Batumi"]
[Date "2018.09.25"]
[Round "2"]
[Board "3"]
[WhiteFideId "6100457"]
[White "Alfaro William"]
[BlackFideId "31900291"]
[Black "dos Reis Tito"]
[Result "1-0"]
[LiveChessVersion "1.4.8"]
[BlackElo "1627"]
[WhiteElo "2163"]

1. e4 {[%clk 1:27:37]} e6 {[%clk 1:30:11]} 2. d4 {[%clk 1:27:57]} c6
{[%clk 1:29:39]} 3. Nf3 {[%clk 1:27:48]} h6 {[%clk 1:29:50]} 4. Bd3
{[%clk 1:27:26]} a6 {[%clk 1:29:57]} 5. a4 {[%clk 1:26:44]} d5 {[%clk 1:29:54]}
6. e5 {[%clk 1:27:09]} c5 {[%clk 1:28:26]} 7. c3 {[%clk 1:27:29]} Nc6
{[%clk 1:28:32]} 8. O-O {[%clk 1:27:24]} Bd7 {[%clk 1:28:48]} 9. Be3
{[%clk 1:24:55]} Qb6 {[%clk 1:28:36]} 10. dxc5 {[%clk 1:16:07]} Qxb2
{[%clk 1:25:41]} 11. Ra3 {[%clk 1:09:27]} Bxc5 {[%clk 1:13:24]} 12. Bxc5
{[%clk 1:09:13]} Na5 {[%clk 1:07:39]} 13. Re1 {[%clk 1:07:27]} Rc8
{[%clk 0:49:39]} 14. Bb4 {[%clk 1:00:56]} Rxc3 {[%clk 0:47:16]} 15. Bxc3
{[%clk 1:01:05]} Qb6 {[%clk 0:47:10]} 16. Bd4 {[%clk 1:01:16]} Qd8
{[%clk 0:46:50]} 17. Bc2 {[%clk 1:00:06]} Ne7 {[%clk 0:46:37]} 18. Qd3
{[%clk 1:00:09]} Nc4 {[%clk 0:44:07]} 19. Ra1 {[%clk 0:59:02]} Bc6
{[%clk 0:44:09]} 20. Nbd2 {[%clk 0:59:12]} Nxd2 21. Nxd2 g6 {[%clk 0:40:08]} 22.
Qh3 {[%clk 0:55:18]} Nf5 {[%clk 0:39:07]} 23. Bc5 {[%clk 0:55:07]} Qa5
{[%clk 0:37:22]} 24. Nb3 {[%clk 0:55:26]} Qc7 {[%clk 0:37:03]} 25. Bxf5
{[%clk 0:55:18]} gxf5 {[%clk 0:36:56]} 26. Bd6 {[%clk 0:55:43]} Qd8
{[%clk 0:36:59]} 27. Nd4 {[%clk 0:55:31]} Bd7 {[%clk 0:35:32]} 28. Rab1
{[%clk 0:54:41]} Qa5 {[%clk 0:35:20]} 29. Rec1 {[%clk 0:54:45]} b5
{[%clk 0:33:48]} 30. axb5 {[%clk 0:54:59]} axb5 {[%clk 0:30:52]} 31. Bc7
{[%clk 0:55:18]} Qd2 {[%clk 0:29:04]} 32. Nf3 {[%clk 0:55:20]} Qf4
{[%clk 0:27:26]} 33. Bd6 {[%clk 0:55:48]} Rg8 {[%clk 0:25:29]} 34. g3
{[%clk 0:56:07]} Rg4 {[%clk 0:21:25]} 35. Qf1 {[%clk 0:55:16]} Qxf3
{[%clk 0:20:11]} 36. Rc8+ {[%clk 0:54:23]} Bxc8 {[%clk 0:19:32]} 37. Qxb5+
{[%clk 0:54:49]} Kd8 {[%clk 0:18:12]} 38. Qb6+ {[%clk 0:55:10]} Ke8
{[%clk 0:18:01]} 39. Qc6+ {[%clk 0:55:36]} 1-0

[Event "World Chess Olympiad 2018"]
[Site "Batumi"]
[Date "2018.09.25"]
[Round "2"]
[Board "2"]
[WhiteFideId "20800088"]
[White "Ble Kouko Hubert"]
[BlackFideId "9800174"]
[Black "Pillay Ragul"]
[Result "1-0"]
[LiveChessVersion "1.4.8"]
[BlackElo "1353"]
[WhiteElo "1829"]

1. Nf3 {[%clk 1:30:56]} d5 {[%clk 1:30:29]} 2. d4 {[%clk 1:29:22]} c5
{[%clk 1:29:34]} 3. e3 {[%clk 1:23:34]} Nc6 {[%clk 1:26:18]} 4. Be2
{[%clk 1:20:13]} Bf5 {[%clk 1:21:39]} 5. O-O {[%clk 1:16:30]} Nf6
{[%clk 1:16:08]} 6. c4 {[%clk 1:06:57]} e6 {[%clk 1:03:27]} 7. Ne5
{[%clk 1:00:24]} Nb4 {[%clk 0:53:49]} 8. Na3 {[%clk 0:57:04]} Bd6
{[%clk 0:41:10]} 9. cxd5 {[%clk 0:39:47]} exd5 {[%clk 0:34:53]} 10. Bb5+
{[%clk 0:35:09]} Nd7 {[%clk 0:31:38]} 11. Qf3 {[%clk 0:27:57]} Bxe5
{[%clk 0:28:17]} 12. Qxf5 {[%clk 0:27:48]} Bd6 {[%clk 0:25:30]} 13. dxc5
{[%clk 0:27:45]} Bxc5 {[%clk 0:24:54]} 14. e4 {[%clk 0:24:56]} a6
{[%clk 0:19:17]} 15. Ba4 {[%clk 0:24:09]} b5 16. Bb3 {[%clk 0:24:16]} O-O
{[%clk 0:15:53]} 17. exd5 {[%clk 0:24:08]} Nf6 {[%clk 0:15:51]} 18. Bg5
{[%clk 0:24:01]} Bd4 {[%clk 0:15:26]} 19. Rab1 {[%clk 0:22:32]} Nbxd5
{[%clk 0:14:36]} 20. Bxd5 {[%clk 0:21:44]} Qxd5 {[%clk 0:14:49]} 21. Qxd5
{[%clk 0:22:07]} Nxd5 {[%clk 0:14:45]} 22. Rfd1 {[%clk 0:22:29]} Bf6
{[%clk 0:15:06]} 23. Rxd5 {[%clk 0:22:57]} Bxg5 {[%clk 0:14:11]} 24. Rxg5
{[%clk 0:22:59]} Rfd8 {[%clk 0:13:39]} 25. Rc5 {[%clk 0:22:42]} Ra7
{[%clk 0:13:33]} 26. Kf1 {[%clk 0:22:32]} Rad7 {[%clk 0:11:37]} 27. Nc2
{[%clk 0:21:15]} h6 {[%clk 0:10:34]} 28. Ne3 {[%clk 0:21:30]} Rd2
{[%clk 0:08:47]} 29. Ke1 {[%clk 0:21:42]} R2d4 {[%clk 0:09:05]} 30. a3
{[%clk 0:22:02]} b4 {[%clk 0:08:34]} 31. axb4 {[%clk 0:21:41]} Rxb4
{[%clk 0:08:37]} 32. Rc6 {[%clk 0:20:38]} a5 {[%clk 0:08:39]} 33. Rc5
{[%clk 0:20:44]} Ra8 {[%clk 0:08:11]} 34. Rc4 {[%clk 0:20:30]} Rb5
{[%clk 0:08:23]} 35. Ra4 {[%clk 0:20:25]} Rab8 {[%clk 0:06:49]} 36. Nc4
{[%clk 0:17:27]} Re8+ {[%clk 0:07:01]} 37. Kf1 {[%clk 0:17:44]} Ra8
{[%clk 0:05:50]} 38. Rba1 {[%clk 0:16:33]} 1-0

[Event "World Chess Olympiad 2018"]
[Site "Batumi"]
[Date "2018.09.25"]
[Round "2"]
[Board "3"]
[WhiteFideId "7300220"]
[White "Ortiz Q Johnny Alexander"]
[BlackFideId "10002251"]
[Black "Mlawa Hemed"]
[Result "1/2-1/2"]
[LiveChessVersion "1.4.8"]
[BlackElo "1828"]
[WhiteElo "2207"]

1. d4 {[%clk 1:30:57]} Nf6 {[%clk 1:30:35]} 2. c4 {[%clk 1:31:16]} e6
{[%clk 1:30:56]} 3. Nf3 {[%clk 1:31:42]} d5 {[%clk 1:31:18]} 4. g3
{[%clk 1:31:55]} Be7 {[%clk 1:31:36]} 5. Bg2 {[%clk 1:32:22]} O-O
{[%clk 1:31:39]} 6. O-O {[%clk 1:32:47]} dxc4 {[%clk 1:32:02]} 7. Qc2
{[%clk 1:32:31]} a6 {[%clk 1:32:26]} 8. a4 {[%clk 1:32:54]} Nbd7 {[%clk 1:12:32]}
9. Nbd2 {[%clk 1:24:09]} c5 {[%clk 1:05:42]} 10. Nxc4 {[%clk 1:17:22]} cxd4
{[%clk 0:58:09]} 11. Rd1 {[%clk 1:16:22]} Nd5 {[%clk 0:46:30]} 12. Nxd4
{[%clk 1:14:25]} Qc7 {[%clk 0:45:20]} 13. Nf5 {[%clk 0:55:13]} N7b6
{[%clk 0:39:35]} 14. Nxe7+ {[%clk 0:32:45]} Nxe7 {[%clk 0:39:54]} 15. Na3
{[%clk 0:29:58]} Qxc2 {[%clk 0:21:18]} 16. Nxc2 {[%clk 0:30:23]} Nc6
{[%clk 0:18:32]} 17. Be3 {[%clk 0:26:45]} Nc4 {[%clk 0:18:28]} 18. Bc5
{[%clk 0:26:39]} Re8 {[%clk 0:17:28]} 19. b3 {[%clk 0:22:29]} N4e5
{[%clk 0:15:44]} 20. Ne3 {[%clk 0:20:16]} Na5 {[%clk 0:13:17]} 21. Bb6
{[%clk 0:14:45]} Nac6 {[%clk 0:13:38]} 22. a5 {[%clk 0:10:35]} Nd7
{[%clk 0:11:49]} 23. Bc7 {[%clk 0:10:12]} Nf6 {[%clk 0:09:38]} 24. Nc4
{[%clk 0:07:14]} Nd5 {[%clk 0:08:03]} 25. Bd6 {[%clk 0:05:54]} Nc3
{[%clk 0:07:07]} 26. Rd2 {[%clk 0:05:30]} Nb5 {[%clk 0:07:26]} 27. Nb6
{[%clk 0:04:46]} Nxd6 {[%clk 0:04:35]} 28. Nxa8 {[%clk 0:05:06]} Nb5
{[%clk 0:04:46]} 29. Nb6 {[%clk 0:04:02]} e5 {[%clk 0:05:06]} 30. Nxc8
{[%clk 0:03:14]} Rxc8 {[%clk 0:05:30]} 31. e3 {[%clk 0:02:39]} g6
{[%clk 0:05:24]} 32. Rd7 {[%clk 0:02:29]} Nc3 {[%clk 0:01:24]} 33. Rxb7
{[%clk 0:02:12]} e4 {[%clk 0:01:38]} 34. f3 {[%clk 0:01:23]} f5 {[%clk 0:01:10]}
35. Kf1 {[%clk 0:00:58]} Ne5 {[%clk 0:01:06]} 36. f4 {[%clk 0:00:42]} Ng4
{[%clk 0:01:25]} 37. h3 {[%clk 0:00:45]} Nxe3+ {[%clk 0:01:37]} 38. Kg1
{[%clk 0:00:50]} Nc2 {[%clk 0:01:45]} 39. Rf1 {[%clk 0:01:00]} e3
{[%clk 0:01:43]} 40. Bf3 {[%clk 0:31:03]} e2 {[%clk 0:32:06]} 41. Bxe2
{[%clk 0:31:17]} Nxe2+ {[%clk 0:32:19]} 42. Kh2 {[%clk 0:19:00]} Ned4
{[%clk 0:25:13]} 43. Rf2 {[%clk 0:19:00]} Ne1 {[%clk 0:25:13]} 44. g4
{[%clk 0:12:48]} Rc3 {[%clk 0:11:58]} 45. gxf5 Nef3+ 46. Kg2 {[%clk 0:12:03]}
Nh4+ {[%clk 0:12:18]} 1/2-1/2

[Event "World Chess Olympiad 2018"]
[Site "Batumi"]
[Date "2018.09.25"]
[Round "2"]
[Board "3"]
[WhiteFideId "11200057"]
[White "Al-Ghasra Ali"]
[BlackFideId "13100424"]
[Black "Rajaonarison Faniry"]
[Result "1/2-1/2"]
[LiveChessVersion "1.4.8"]
[BlackElo "2126"]
[WhiteElo "2096"]

1. d4 {[%clk 1:31:00]} Nf6 {[%clk 1:30:27]} 2. c4 {[%clk 1:31:19]} c5
{[%clk 1:29:09]} 3. d5 {[%clk 1:31:35]} e6 {[%clk 1:29:08]} 4. Nc3
{[%clk 1:31:15]} exd5 {[%clk 1:28:52]} 5. cxd5 {[%clk 1:31:25]} d6
{[%clk 1:29:11]} 6. e4 {[%clk 1:31:35]} g6 {[%clk 1:28:47]} 7. h3
{[%clk 1:31:09]} Bg7 {[%clk 1:28:48]} 8. Nf3 {[%clk 1:31:29]} a6 {[%clk 1:29:04]}
9. a4 {[%clk 1:31:18]} O-O {[%clk 1:29:03]} 10. Bd3 {[%clk 1:31:29]} Nbd7
{[%clk 1:26:35]} 11. O-O {[%clk 1:31:32]} Qc7 {[%clk 1:25:39]} 12. Nd2
{[%clk 1:27:23]} Ne5 {[%clk 1:04:38]} 13. Nc4 {[%clk 1:22:10]} Nxc4
{[%clk 1:04:41]} 14. Bxc4 {[%clk 1:22:38]} Re8 {[%clk 1:00:43]} 15. Re1
{[%clk 1:20:11]} Nh5 {[%clk 0:59:32]} 16. Be3 {[%clk 1:07:38]} Qe7
{[%clk 0:57:38]} 17. Qd2 {[%clk 1:04:24]} Bd7 {[%clk 0:56:17]} 18. g4
{[%clk 0:52:32]} Nf6 {[%clk 0:56:18]} 19. Bf4 {[%clk 0:50:35]} h5
{[%clk 0:50:55]} 20. e5 {[%clk 0:47:24]} dxe5 {[%clk 0:51:14]} 21. Rxe5
{[%clk 0:47:26]} Qf8 {[%clk 0:47:52]} 22. Rxe8 {[%clk 0:42:14]} Rxe8
{[%clk 0:47:44]} 23. f3 {[%clk 0:42:34]} hxg4 {[%clk 0:47:41]} 24. hxg4
{[%clk 0:42:50]} Nh7 {[%clk 0:45:26]} 25. Re1 {[%clk 0:40:12]} Rxe1+
{[%clk 0:37:37]} 26. Qxe1 {[%clk 0:40:40]} Qe8 {[%clk 0:37:48]} 27. Qxe8+
{[%clk 0:39:12]} Bxe8 {[%clk 0:38:12]} 28. Be3 {[%clk 0:38:40]} Bd4
{[%clk 0:37:26]} 29. Kf2 {[%clk 0:38:41]} Nf6 {[%clk 0:35:45]} 30. Ke2
{[%clk 0:35:55]} Bxc3 {[%clk 0:31:25]} 31. bxc3 {[%clk 0:36:23]} b5
{[%clk 0:31:46]} 32. axb5 {[%clk 0:35:30]} axb5 {[%clk 0:32:10]} 33. g5
{[%clk 0:32:10]} Nh7 {[%clk 0:28:31]} 34. Ba2 {[%clk 0:29:40]} c4
{[%clk 0:28:44]} 35. Bb1 {[%clk 0:29:24]} f5 {[%clk 0:28:06]} 36. gxf6
{[%clk 0:24:42]} Nxf6 {[%clk 0:28:17]} 37. d6 {[%clk 0:24:01]} Kf7
{[%clk 0:27:32]} 38. Be4 {[%clk 0:23:15]} Ke6 {[%clk 0:27:12]} 39. Bc5
{[%clk 0:22:24]} g5 {[%clk 0:09:42]} 40. Ke3 {[%clk 0:51:32]} Bd7
{[%clk 0:38:48]} 41. Kd4 {[%clk 0:47:48]} Ne8 {[%clk 0:36:03]} 42. Bd5+
{[%clk 0:43:32]} Kf5 {[%clk 0:35:42]} 43. Bb7 {[%clk 0:30:31]} Ke6
{[%clk 0:17:27]} 44. Ba3 {[%clk 0:21:58]} Nf6 {[%clk 0:11:12]} 45. Bb4
{[%clk 0:14:48]} g4 {[%clk 0:08:18]} 46. fxg4 {[%clk 0:14:02]} Nxg4
{[%clk 0:08:41]} 47. Bd5+ {[%clk 0:06:49]} Kf5 {[%clk 0:08:28]} 48. Be4+
{[%clk 0:05:27]} Ke6 {[%clk 0:08:39]} 1/2-1/2

[Event "Wolrd Chess Olympiad 2018"]
[Site "Batumi"]
[Date "2018.09.25"]
[Round "2"]
[Board "1"]
[WhiteFideId "11101644"]
[White "Husbands Orlando"]
[BlackFideId "15800059"]
[Black "Banlock Benjamin Didier"]
[Result "1-0"]
[LiveChessVersion "1.4.8"]
[BlackElo "2058"]
[WhiteElo "2262"]

1. e4 {[%clk 1:30:57]} e6 {[%clk 1:30:22]} 2. d4 {[%clk 1:31:24]} d5
{[%clk 1:30:45]} 3. e5 {[%clk 1:31:43]} c5 {[%clk 1:30:31]} 4. c3
{[%clk 1:32:11]} Nc6 {[%clk 1:30:34]} 5. Nf3 {[%clk 1:32:38]} Qb6
{[%clk 1:26:56]} 6. Be2 {[%clk 1:33:05]} Nh6 {[%clk 1:26:55]} 7. Bxh6
{[%clk 1:31:05]} gxh6 {[%clk 1:22:03]} 8. Qd2 {[%clk 1:30:31]} cxd4
{[%clk 1:19:36]} 9. cxd4 {[%clk 1:30:20]} Bd7 {[%clk 1:19:54]} 10. O-O
{[%clk 1:29:46]} O-O-O {[%clk 1:19:53]} 11. Nc3 {[%clk 1:29:09]} Na5
{[%clk 1:20:03]} 12. Rfc1 {[%clk 1:17:40]} Kb8 {[%clk 1:20:24]} 13. Qf4
{[%clk 1:06:12]} Be7 {[%clk 1:01:26]} 14. Qxf7 {[%clk 0:56:07]} Bg5
{[%clk 1:00:15]} 15. Nxg5 {[%clk 0:25:55]} hxg5 {[%clk 1:00:36]} 16. Qe7
{[%clk 0:25:33]} Qxd4 {[%clk 0:34:55]} 17. Qd6+ {[%clk 0:13:08]} Ka8
{[%clk 0:34:51]} 18. b4 {[%clk 0:08:29]} Nc4 {[%clk 0:26:00]} 19. Bxc4
{[%clk 0:08:31]} Qxc4 {[%clk 0:26:22]} 20. Qe7 {[%clk 0:06:03]} d4
{[%clk 0:23:55]} 21. Ne4 {[%clk 0:03:44]} Qa6 {[%clk 0:20:23]} 22. Nd6
{[%clk 0:03:12]} Bc6 {[%clk 0:18:36]} 23. a4 {[%clk 0:03:03]} Bd5
{[%clk 0:17:40]} 24. Nf7 {[%clk 0:01:38]} Rde8 {[%clk 0:15:55]} 25. Nxh8
{[%clk 0:01:55]} Rxh8 {[%clk 0:16:22]} 26. Qd7 {[%clk 0:01:10]} Qe2
{[%clk 0:16:20]} 27. Qc8+ {[%clk 0:01:36]} 1-0

[Event "World Chess Olympiad 2018"]
[Site "Batumi"]
[Date "2018.09.25"]
[Round "2"]
[Board "4"]
[WhiteFideId "9700170"]
[White "Jotee Ashvin"]
[BlackFideId "6000436"]
[Black "Lai Robin"]
[Result "1-0"]
[LiveChessVersion "1.4.8"]
[BlackElo "1863"]
[WhiteElo "1751"]

1. c4 {[%clk 1:30:53]} Nf6 {[%clk 1:28:45]} 2. g3 {[%clk 1:30:55]} g6
{[%clk 1:29:07]} 3. Bg2 {[%clk 1:30:58]} d5 {[%clk 1:28:36]} 4. cxd5
{[%clk 1:30:17]} Nxd5 {[%clk 1:29:02]} 5. Nc3 {[%clk 1:30:09]} Nxc3
{[%clk 1:29:17]} 6. bxc3 {[%clk 1:30:26]} Bg7 {[%clk 1:29:45]} 7. Qa4+
{[%clk 1:22:49]} Nd7 {[%clk 1:29:13]} 8. Nf3 {[%clk 1:20:24]} O-O
{[%clk 1:29:34]} 9. O-O {[%clk 1:18:26]} Nb6 {[%clk 1:29:46]} 10. Qc2
{[%clk 1:18:03]} c5 {[%clk 1:26:08]} 11. d3 {[%clk 1:12:51]} Bd7 {[%clk 1:25:07]}
12. Rb1 {[%clk 1:07:29]} Bc6 {[%clk 1:22:27]} 13. c4 {[%clk 1:04:34]} Re8
{[%clk 1:06:25]} 14. Bb2 {[%clk 0:56:21]} e5 {[%clk 1:05:30]} 15. Nd2
{[%clk 0:55:03]} Bxg2 {[%clk 0:56:20]} 16. Kxg2 {[%clk 0:55:13]} Qd7
{[%clk 0:50:21]} 17. Ne4 {[%clk 0:42:11]} Qc6 {[%clk 0:49:46]} 18. f3
{[%clk 0:40:57]} Na4 {[%clk 0:45:58]} 19. Bc1 {[%clk 0:40:20]} f5
{[%clk 0:45:00]} 20. Nd6 {[%clk 0:33:33]} Qxd6 {[%clk 0:42:12]} 21. Qxa4
{[%clk 0:33:35]} b6 {[%clk 0:40:58]} 22. Qc2 {[%clk 0:23:48]} Rad8
{[%clk 0:37:30]} 23. Bb2 {[%clk 0:22:24]} Rd7 {[%clk 0:30:38]} 24. Bc3
{[%clk 0:17:23]} Qc6 {[%clk 0:26:22]} 25. Rbd1 {[%clk 0:13:06]} Bh6
{[%clk 0:24:15]} 26. Bd2 {[%clk 0:12:18]} Bg7 {[%clk 0:20:11]} 27. Bc3
{[%clk 0:12:07]} Bh6 {[%clk 0:18:53]} 28. Bd2 {[%clk 0:12:10]} g5
{[%clk 0:17:43]} 29. Qc1 {[%clk 0:05:23]} f4 {[%clk 0:16:26]} 30. g4
{[%clk 0:05:28]} Bg7 {[%clk 0:16:30]} 31. Bc3 {[%clk 0:05:44]} a6
{[%clk 0:11:44]} 32. Qb2 {[%clk 0:04:32]} b5 {[%clk 0:11:38]} 33. cxb5
{[%clk 0:04:18]} axb5 {[%clk 0:11:48]} 34. Qb3+ {[%clk 0:04:18]} Kh8
{[%clk 0:11:11]} 35. Rc1 {[%clk 0:02:53]} Rb7 {[%clk 0:08:46]} 36. Bb4
{[%clk 0:02:21]} Rc8 {[%clk 0:07:51]} 37. Rxc5 {[%clk 0:02:18]} Qd7
{[%clk 0:06:53]} 38. Rxc8+ {[%clk 0:02:36]} Qxc8 {[%clk 0:07:22]} 39. a3
{[%clk 0:01:49]} Rc7 {[%clk 0:07:13]} 40. Rd1 {[%clk 0:30:37]} Rc2
{[%clk 0:34:45]} 41. Rd2 {[%clk 0:25:22]} Rc1 {[%clk 0:35:08]} 42. Be7
{[%clk 0:21:40]} Qd7 {[%clk 0:24:12]} 43. Qb4 {[%clk 0:16:52]} Qa7
{[%clk 0:23:16]} 44. d4 {[%clk 0:12:25]} exd4 {[%clk 0:17:44]} 45. Bf6
{[%clk 0:09:08]} Qc5 {[%clk 0:07:40]} 46. Qxc5 {[%clk 0:06:52]} Rxc5
{[%clk 0:08:04]} 47. Bxg7+ {[%clk 0:04:57]} Kxg7 {[%clk 0:08:31]} 48. Rxd4
{[%clk 0:05:04]} Rc2 {[%clk 0:07:04]} 49. Kf2 {[%clk 0:05:10]} Ra2
{[%clk 0:07:18]} 50. Rd5 {[%clk 0:04:50]} Kg6 {[%clk 0:06:20]} 51. Rxb5
{[%clk 0:03:46]} Rxa3 {[%clk 0:06:42]} 52. h4 {[%clk 0:03:43]} gxh4
{[%clk 0:06:04]} 53. Rh5 {[%clk 0:03:59]} Ra1 {[%clk 0:04:46]} 54. Rxh4
{[%clk 0:04:14]} Ra5 {[%clk 0:04:17]} 55. Rh1 {[%clk 0:04:23]} Rb5
{[%clk 0:04:12]} 56. Rd1 {[%clk 0:04:10]} Kg5 {[%clk 0:04:07]} 57. Rh1
{[%clk 0:03:11]} Kg6 {[%clk 0:04:18]} 58. Rd1 {[%clk 0:02:56]} Kg5
{[%clk 0:04:38]} 59. Rd7 {[%clk 0:02:55]} Kg6 {[%clk 0:03:34]} 60. Rd4
{[%clk 0:02:40]} Kg5 {[%clk 0:03:49]} 61. Re4 {[%clk 0:02:35]} Ra5
{[%clk 0:03:42]} 62. Rd4 {[%clk 0:02:04]} Rb5 {[%clk 0:04:02]} 63. Rd2
{[%clk 0:02:27]} Re5 {[%clk 0:03:27]} 64. Rd3 {[%clk 0:02:30]} Rb5
{[%clk 0:03:44]} 65. Ke1 {[%clk 0:01:47]} h5 {[%clk 0:02:52]} 66. gxh5
{[%clk 0:02:02]} Kxh5 {[%clk 0:03:20]} 67. Rd4 {[%clk 0:02:14]} Kg5
{[%clk 0:02:58]} 68. Re4 {[%clk 0:02:39]} Rd5 {[%clk 0:02:20]} 69. Re8
{[%clk 0:02:22]} Kf5 {[%clk 0:02:13]} 70. Kf2 {[%clk 0:01:38]} Rd6
{[%clk 0:02:08]} 71. Rh8 {[%clk 0:01:43]} Rg6 {[%clk 0:01:21]} 72. Rh5+
{[%clk 0:01:38]} Ke6 {[%clk 0:01:26]} 73. e3 {[%clk 0:01:50]} fxe3+
{[%clk 0:01:25]} 74. Kxe3 {[%clk 0:02:11]} Rg1 {[%clk 0:01:31]} 75. Kf4
{[%clk 0:02:15]} Ra1 {[%clk 0:01:51]} 76. Rh6+ {[%clk 0:02:24]} Kf7
{[%clk 0:02:06]} 77. Kg5 {[%clk 0:02:20]} Ra5+ {[%clk 0:01:20]} 78. Kg4
{[%clk 0:02:34]} Ra1 {[%clk 0:01:06]} 79. f4 {[%clk 0:02:52]} Ra4
{[%clk 0:01:06]} 80. Rb6 {[%clk 0:03:01]} Rc4 {[%clk 0:01:08]} 81. Kg5
{[%clk 0:03:09]} Rc1 {[%clk 0:01:24]} 82. Rb7+ {[%clk 0:02:56]} Kf8
{[%clk 0:01:39]} 83. f5 {[%clk 0:02:50]} Rg1+ {[%clk 0:01:54]} 84. Kf6
{[%clk 0:02:51]} Ke8 {[%clk 0:02:15]} 85. Rb8+ {[%clk 0:02:50]} Kd7
{[%clk 0:02:43]} 86. Kf7 {[%clk 0:02:40]} Kd6 {[%clk 0:02:37]} 87. Re8
{[%clk 0:02:25]} Rg5 {[%clk 0:02:41]} 88. Kf6 {[%clk 0:02:02]} Rg1
{[%clk 0:03:05]} 89. Rd8+ {[%clk 0:02:20]} Kc7 {[%clk 0:03:19]} 90. Rd2
{[%clk 0:02:37]} Rg3 {[%clk 0:03:36]} 91. Kf7 {[%clk 0:02:45]} Rg1
{[%clk 0:03:43]} 92. f6 {[%clk 0:02:54]} Rg3 {[%clk 0:04:08]} 93. Ke8
{[%clk 0:01:59]} Re3+ {[%clk 0:04:27]} 94. Kf8 {[%clk 0:02:11]} Rf3
{[%clk 0:04:27]} 95. f7 {[%clk 0:01:36]} Rf1 {[%clk 0:04:46]} 96. Kg7
{[%clk 0:01:11]} Rg1+ {[%clk 0:05:08]} 97. Kh6 {[%clk 0:01:07]} Rf1
{[%clk 0:05:31]} 98. Kg6 {[%clk 0:01:21]} Rg1+ {[%clk 0:05:48]} 99. Kf6
{[%clk 0:01:22]} Rf1+ {[%clk 0:06:11]} 100. Ke7 {[%clk 0:01:41]} Re1+
{[%clk 0:06:17]} 101. Kf8 {[%clk 0:02:05]} Rf1 {[%clk 0:06:35]} 102. Rd4
{[%clk 0:02:28]} Rf2 {[%clk 0:06:52]} 103. Kg7 {[%clk 0:02:47]} Rg2+
{[%clk 0:07:15]} 104. Kf6 {[%clk 0:02:51]} Rf2+ {[%clk 0:07:36]} 105. Kg6
{[%clk 0:02:24]} Rg2+ {[%clk 0:07:56]} 106. Kf5 {[%clk 0:02:40]} 1-0

[Event "World Chess Olympiad 2018"]
[Site "Batumi"]
[Date "2018.09.25"]
[Round "2"]
[Board "1"]
[WhiteFideId "1126768"]
[White "Belzo Krzysztof"]
[BlackFideId "19800029"]
[Black "Traore Bakary"]
[Result "0-1"]
[LiveChessVersion "1.4.8"]
[BlackElo "2169"]
[WhiteElo "2057"]

1. c4 {[%clk 1:30:54]} Nf6 {[%clk 1:30:52]} 2. Nc3 {[%clk 1:30:45]} g6
{[%clk 1:31:12]} 3. d4 {[%clk 1:30:36]} Bg7 {[%clk 1:31:31]} 4. g3
{[%clk 1:31:03]} O-O {[%clk 1:31:43]} 5. Bg2 {[%clk 1:31:30]} d6 {[%clk 1:32:08]}
6. Nf3 {[%clk 1:31:45]} Nbd7 {[%clk 1:32:34]} 7. O-O {[%clk 1:32:02]} e5
{[%clk 1:32:54]} 8. Qc2 {[%clk 1:31:11]} c6 {[%clk 1:31:41]} 9. Rd1
{[%clk 1:30:16]} Qc7 {[%clk 1:29:50]} 10. b3 {[%clk 1:26:38]} Re8
{[%clk 1:28:47]} 11. e4 {[%clk 1:23:20]} a6 {[%clk 1:25:52]} 12. Ba3
{[%clk 1:19:18]} Bf8 {[%clk 1:22:55]} 13. Rac1 {[%clk 1:13:53]} Qa5
{[%clk 1:20:24]} 14. b4 {[%clk 0:58:40]} Qxa3 {[%clk 1:05:25]} 15. Rb1
{[%clk 0:59:04]} exd4 {[%clk 1:05:43]} 16. Nxd4 {[%clk 0:56:50]} Nc5
{[%clk 1:05:59]} 17. bxc5 {[%clk 0:42:44]} Qxc5 {[%clk 1:05:41]} 18. Na4
{[%clk 0:42:16]} Qe5 {[%clk 1:00:22]} 19. Nb6 {[%clk 0:40:51]} Rb8
{[%clk 0:59:01]} 20. f4 {[%clk 0:34:56]} Qe7 {[%clk 0:58:10]} 21. Nxc8
{[%clk 0:31:53]} Rexc8 {[%clk 0:57:48]} 22. Re1 {[%clk 0:31:21]} Nd7
{[%clk 0:54:19]} 23. h4 {[%clk 0:26:00]} Bg7 {[%clk 0:53:52]} 24. Rbd1
{[%clk 0:24:06]} Re8 {[%clk 0:52:44]} 25. h5 {[%clk 0:23:27]} Nc5
{[%clk 0:45:52]} 26. Bf3 {[%clk 0:18:19]} f5 {[%clk 0:41:32]} 27. hxg6
{[%clk 0:13:28]} hxg6 {[%clk 0:41:32]} 28. Nxc6 {[%clk 0:05:08]} bxc6
{[%clk 0:40:27]} 29. exf5 {[%clk 0:05:34]} Qxe1+ {[%clk 0:33:12]} 30. Rxe1
{[%clk 0:06:02]} Rxe1+ {[%clk 0:33:15]} 31. Kf2 {[%clk 0:06:19]} Rb2
{[%clk 0:33:28]} 32. Qxb2 {[%clk 0:06:39]} Nd3+ {[%clk 0:33:40]} 0-1

[Event "World Chess Olympiad 2018"]
[Site "Batumi"]
[Date "2018.09.25"]
[Round "2"]
[Board "2"]
[WhiteFideId "19800193"]
[White "Ndiaye Amadou"]
[BlackFideId "15600017"]
[Black "Wojciechowski Paul"]
[Result "1/2-1/2"]
[LiveChessVersion "1.4.8"]
[BlackElo "1904"]
[WhiteElo "2061"]

1. e4 {[%clk 1:30:52]} c5 {[%clk 1:30:49]} 2. Nf3 {[%clk 1:31:19]} d6
{[%clk 1:31:14]} 3. d4 {[%clk 1:31:24]} cxd4 {[%clk 1:31:38]} 4. Nxd4
{[%clk 1:31:52]} Nf6 {[%clk 1:32:00]} 5. Nc3 {[%clk 1:32:19]} a6 {[%clk 1:32:05]}
6. Be2 {[%clk 1:32:42]} e5 {[%clk 1:31:48]} 7. Nb3 {[%clk 1:32:47]} Be7
{[%clk 1:31:46]} 8. a4 {[%clk 1:33:11]} O-O {[%clk 1:27:34]} 9. O-O
{[%clk 1:33:36]} Be6 {[%clk 1:21:10]} 10. Kh1 {[%clk 1:33:59]} d5
{[%clk 1:17:34]} 11. exd5 {[%clk 1:30:25]} Nxd5 {[%clk 1:16:22]} 12. Nxd5
{[%clk 1:20:03]} Bxd5 {[%clk 1:16:42]} 13. c4 {[%clk 1:14:11]} Be6
{[%clk 1:13:39]} 14. Qc2 {[%clk 1:14:19]} Nc6 {[%clk 1:04:33]} 15. Be3
{[%clk 1:12:56]} b6 {[%clk 0:51:22]} 16. Rad1 {[%clk 1:09:26]} Qc7
{[%clk 0:48:56]} 17. f4 {[%clk 1:09:25]} Rac8 {[%clk 0:42:47]} 18. f5
{[%clk 1:09:15]} Nb4 {[%clk 0:41:52]} 19. Qe4 {[%clk 0:56:32]} Bxc4
{[%clk 0:40:17]} 20. Rc1 {[%clk 0:53:41]} Bd5 {[%clk 0:33:18]} 21. Rxc7 Bxe4 22.
Rxe7 {[%clk 0:46:29]} Rc2 {[%clk 0:19:19]} 23. Nd2 {[%clk 0:46:01]} Nd5
{[%clk 0:16:37]} 24. Nxe4 {[%clk 0:42:54]} Rxe2 {[%clk 0:13:59]} 25. Rxe5
{[%clk 0:39:46]} Rxe3 {[%clk 0:12:21]} 26. Kg1 {[%clk 0:39:22]} f6
{[%clk 0:10:12]} 27. Nxf6+ {[%clk 0:39:01]} Rxf6 28. Rxd5 Rb3 {[%clk 0:06:32]}
29. Rb1 {[%clk 0:37:47]} Rc6 {[%clk 0:04:42]} 30. Rd7 {[%clk 0:33:39]} Rc2
{[%clk 0:04:40]} 31. Re1 {[%clk 0:34:06]} Kf8 32. Ree7 {[%clk 0:34:27]} Rbxb2
{[%clk 0:03:54]} 33. Rf7+ {[%clk 0:34:51]} Ke8 {[%clk 0:03:38]} 34. Rfe7+
{[%clk 0:35:10]} Kf8 {[%clk 0:04:03]} 35. Rf7+ {[%clk 0:34:34]} Ke8
{[%clk 0:04:32]} 36. Rde7+ {[%clk 0:35:02]} Kd8 {[%clk 0:04:58]} 37. Re1
{[%clk 0:32:53]} Rxg2+ {[%clk 0:05:16]} 38. Kh1 {[%clk 0:33:18]} Rxh2+
{[%clk 0:05:31]} 39. Kg1 {[%clk 0:33:46]} Rbg2+ {[%clk 0:03:13]} 40. Kf1
{[%clk 0:34:14]} Ra2 {[%clk 0:02:36]} 41. Kg1 {[%clk 0:34:12]} Rhg2+
{[%clk 0:01:55]} 42. Kh1 {[%clk 1:04:36]} Rh2+ {[%clk 0:30:40]} 43. Kg1
{[%clk 1:05:03]} Rag2+ 1/2-1/2